Alle Spieler von AC Milan seit 00/01 - Statistiken

Allgemein
  • Dieses Quiz wurde 31 mal gespielt
  • Das Durchschnittsergebnis liegt bei 68 aus 306
Antwortstatistiken
AC Mailand % Korrekt
Zlatan Ibrahimovic
100%
Ibrahim Ba
96%
Kaka
92%
Daniel Maldini
88%
Paolo Maldini
88%
Rafael Leao
88%
Ronaldinho
88%
Andrea Pirlo
84%
Filippo Inzaghi
84%
Alessandro Nesta
80%
Clarence Seedorf
80%
Gennaro Gattuso
76%
Ronaldo
76%
Mike Maignan
72%
Theo Hernandez
72%
Antonio Donnarumma
68%
Gianluigi Donnarumma
68%
Leonardo Bonucci
68%
Dida
64%
Flavio Roma
64%
Malick Thiaw
64%
Mario Balotelli
64%
Robinho
64%
Christian Pulisic
60%
Cafu
56%
Hakan Calhanoglu
56%
Luka Modric
56%
Mark Van Bommel
56%
Alessio Romagnoli
52%
Alexandre Pato
52%
Fernando Torres
52%
Fikayo Tomori
52%
Olivier Giroud
52%
Sandro Tonali
52%
Alvaro Morata
48%
Andriy Shevchenko
48%
Christian Abbiati
48%
David Beckham
48%
Ignazio Abate
48%
Kevin-Prince Boateng
48%
Alessandro Florenzi
44%
Andre Silva
44%
Gonzalo Higuain
44%
Hernan Crespo
44%
Ismael Bennacer
44%
Philippe Mexes
44%
Stephan El Shaarawy
44%
Thiago Silva
44%
Antonio Cassano
40%
Brahim Diaz
40%
Davide Calabria
40%
Fode Ballo-Toure
40%
Giacomo Bonaventura
40%
Gianluca Zambrotta
40%
Junior Messias
40%
Keisuke Honda
40%
Massimo Oddo
40%
Pierre Kalulu
40%
Ricardo Rodriguez
40%
Riccardo Montolivo
40%
Ruben Loftus-Cheek
40%
Rui Costa
40%
Samuele Dalla Bona
40%
Alexis Saelemaekers
36%
Carlos Bacca
36%
Christian Vieri
36%
Diego Laxalt
36%
Franck Kessie
36%
Jaap Stam
36%
Kakhaber Kaladze
36%
Mario Mandzukic
36%
Oliver Bierhoff
36%
Klaas-Jan Huntelaar
32%
Manuel Locatelli
32%
Massimo Ambrosini
32%
Niclas Füllkrug
32%
Rade Krunic
32%
Samu Castillejo
32%
Samuel Chukwueze
32%
Sebastiano Rossi
32%
Simon Kjaer
32%
Suso
32%
Andrea Conti
28%
Ante Rebic
28%
Juraj Kucka
28%
Krzysztof Piatek
28%
Luka Jovic
28%
Mateo Musacchio
28%
Matias Fernandez
28%
Mattia Caldara
28%
Nikola Kalinic
28%
Patrick Cutrone
28%
Pietro Pellegri
28%
Tammy Abraham
28%
Tiemoue Bakayoko
28%
Alberto Gilardino
24%
Alessandro Costacurta
24%
Aster Vranckx
24%
Charles De Ketelaere
24%
Ciprian Tatarusanu
24%
Diego Lopez
24%
Emerson
24%
Francesco Acerbi
24%
Joao Felix
24%
Kyle Walker
24%
Luiz Adriano
24%
Mario Pasalic
24%
Matteo Gabbia
24%
Maxi Lopez
24%
Noah Okafor
24%
Pepe Reina
24%
Rivaldo
24%
Tijjani Reijnders
24%
Youssouf Fofana
24%
Yunus Musah
24%
Alberto Aquilani
20%
Alexander Merkel
20%
Andrea Poli
20%
Bojan Krkic
20%
Catilina Aubameyang
20%
Davide Bartesaghi
20%
Divock Origi
20%
Jeremy Menez
20%
Lucas Biglia
20%
Marek Jankulovski
20%
M'Baye Niang
20%
Michael Essien
20%
Santiago Gimenez
20%
Sergino Dest
20%
Strahinja Pavlovic
20%
Tommaso Pobega
20%
William-Fils Aubameyang
20%
Adrien Rabiot
16%
Alessandro Matri
16%
Alessio Cerci
16%
Alex Jimenez
16%
Andreas Bertolacci
16%
Antonio Nocerino
16%
Christopher Nkunku
16%
Diogo Dalot
16%
Fabio Borini
16%
Filippo Terracciano
16%
Gabriel Paletta
16%
Jens Petter Hauge
16%
Julio Cesar
16%
Lorenzo Colombo
16%
Marco Sportiello
16%
Mathieu Flamini
16%
Matteo Darmian
16%
Mattia De Sciglio
16%
Nigel De Jong
16%
Riccardo Saponara
16%
Samuele Ricci
16%
Serginho
16%
Simone Verdi
16%
Sokratis
16%
Ardon Jashari
12%
Asmir Begovic
12%
Bryan Cristante
12%
Cristian Zaccardo
12%
Cristian Zapata
12%
Dario Simic
12%
Emerson Royal
12%
Francesco Camarda
12%
Gerard Deulofeu
12%
Gustavo Gomez
12%
Jan-Carlo Simic
12%
Koni De Winter
12%
Mancini
12%
Marcio Amoroso
12%
Marco Amelia
12%
Marco Borriello
12%
Mohamed Sarr
12%
Pablo Garcia
12%
Pervis Estupinan
12%
Pietro Terracciano
12%
Soualiho Meite
12%
Stefan Simic
12%
Sulley Muntari
12%
Urby Emanuelson
12%
Yacine Adli
12%
Yoann Gourcuff
12%
Zeljko Kalac
12%
Adel Taarabt
8%
Adil Rami
8%
Alen Halilovic
8%
Alex
8%
Antonio Mirante
8%
Daniele Bonera
8%
Demetrio Albertini
8%
Digao
8%
Fabricio Coloccini
8%
Fernando Redondo
8%
Francesco Coco
8%
Giampaolo Pazzini
8%
Gianluca Lapadula
8%
Javi Moreno
8%
Johann Vogel
8%
Jon Dahl Tomasson
8%
Jose Mari
8%
Jose Sosa
8%
Kevin Zeroli
8%
Leonel Vangioni
8%
Lorenzo Torriani
8%
Lucas Ocampos
8%
Lucas Paqueta
8%
Luigi Sala
8%
Marco Simone
8%
Marco Van Ginkel
8%
Marko Lazetic
8%
Massimo Donati
8%
Matias Silvestre
8%
Mattia Liberali
8%
Philippe Senderos
8%
Roque Junior
8%
Taye Taiwo
8%
Zachary Athekame
8%
Zvonimir Boban
8%
Alberto Paloschi
4%
Alessandro Mastalli
4%
Alex Guerci
4%
Aliyu Datti
4%
Andrea De Vito
4%
Andrea Petagna
4%
Andres Guglielminpietro
4%
Bakaye Traore
4%
Bob Murphy Omoregbe
4%
Chaka Traore
4%
Claiton
4%
Cosmin Contra
4%
Cristian Brocchi
4%
Daniele Daino
4%
Davide Di Gennaro
4%
Davide Di Molfetta
4%
David Odogu
4%
Didac Vila
4%
Diego De Ascentis
4%
Djamel Mesbah
4%
Drazen Brncic
4%
Emanuele Torrasi
4%
Emil Roback
4%
Federico Giunti
4%
Felipe Mattioni
4%
Gabriel
4%
Gastone Bottini
4%
Giacomo Beretta
4%
Giacomo Olzer
4%
Gianmarco Zigoni
4%
Gianni Comandini
4%
Giuseppe Favalli
4%
Giuseppe Pancaro
4%
Harvey Esajas
4%
Jose Chamot
4%
Jose Mauri
4%
Kevin Constant
4%
Kingsley Umunegbu
4%
Lapo Nava
4%
Leandro Grimi
4%
Leo Duarte
4%
Leonardo
4%
Lino Marzorati
4%
Luca Antonelli
4%
Luca Antonini
4%
Luca Saudati
4%
Luca Stanga
4%
Luka Romero
4%
Marco Brescianini
4%
Marco Donadel
4%
Marco Pellegrino
4%
Marco Storari
4%
Mario Yepes
4%
Martin Laursen
4%
Mathias Cardacio
4%
Matteo Ardemagni
4%
Matteo Lunati
4%
Mattia Dal Bello
4%
Mattia Destro
4%
Michelangelo Albertazzi
4%
Michele Piccolo
4%
Mirko Stefani
4%
Niccolo Zanellato
4%
Nicola Legrottaglie
4%
Nnamdi Oduamadi
4%
Oguchi Onyewu
4%
Pablo Armero
4%
Ricardo Oliveira
4%
Riccardo Forte
4%
Riccardo Sottil
4%
Roberto Bortolotto
4%
Rodney Strasser
4%
Rodrigo Ely
4%
Romano Perticone
4%
Salvatore Bocchetti
4%
Simone Calvano
4%
Simone Ganz
4%
Stefano Pastrello
4%
Tabare Viudez
4%
Thomas Helveg
4%
Ümit Davala
4%
Valerio Fiori
4%
Valter Birsa
4%
Vikash Dhorasoo
4%
Vitaliy Kutuzov
4%
Warren Bondo
4%
Cheveyo Balentien
0%
Gian Filippo Felicioli
0%
Keine übereinstimmenden Quizze gefunden
Verteilung der Resultate
Anzahl Personen mit jedem Resultat
Perzentil nach korrekt beantworteten Fragen
Ihre Resultats-Entwicklung
Sie haben dieses Quiz noch nicht gespielt